000 00622nam a2200265Ia 4500
005 20260121161433.0
008 008 260114s9999 xx 000 0 eng d
020 _a9780080455334
037 _aEBOOK
040 _aCRL
040 _beng
040 _cCRL
041 _2eng
041 _aeng
084 _qCRL
100 _aGeotourism
_91044790
245 0 _aRoss Dowling; David Newsome
260 _bTaylor and Francis
260 _c2005
650 _aTourism
_91044791
856 _uhttp://www.taylorfrancis.com/books/9780080455334
942 _cEBOOK
999 _c1610803
_d1610803